County map of the state of Texas showing also portions of the adjoining states and territories /
Saved in:
| Main Author: | |
|---|---|
| Corporate Authors: | , |
| Other Authors: | |
| Format: | Electronic |
| Language: | English |
| Published: |
[1880].
|
| Series: | David Rumsey Collection digital maps
|
| Subjects: | |
| Tags: |
Add Tag
No Tags, Be the first to tag this record!
|
| LEADER | 01872nea a2200433Ka 4500 | ||
|---|---|---|---|
| 001 | 012024923-5 | ||
| 005 | 20090630193809.0 | ||
| 008 | 060601t18801879paud a s 0 eng d | ||
| 034 | 1 | |a a |b 3200000 |d W1090000 |e W0930000 |f N0370000 |g N0250000 | |
| 035 | 0 | |a ocm69669466 | |
| 040 | |a CUY |c CUY | ||
| 043 | |a n-us-tx |a n-us-nm |a n-us-ok | ||
| 052 | |a 4030 | ||
| 052 | |a 4020 | ||
| 052 | |a 4320 | ||
| 052 | |a 4034 |b G3 | ||
| 100 | 1 | |a Mitchell, S. Augustus |q (Samuel Augustus), |d 1792-1868. | |
| 245 | 1 | 0 | |a County map of the state of Texas |h [electronic resource] : |b showing also portions of the adjoining states and territories / |c drawn and engraved by W.H. Gamble, Philadelphia. |
| 255 | |a Scale [ca. 1:3,200,000] |c (W 109⁰--W 93⁰/N 37⁰--N 25⁰). | ||
| 260 | |c [1880]. | ||
| 500 | |a Relief shown by hachures. | ||
| 500 | |a Shows settlements, railroads, roads, etc. | ||
| 500 | |a Inset map: Galveston Bay and vicinity. | ||
| 500 | |a Prime meridians: Greenwich and Washington. | ||
| 500 | |a "Entered according to Act of Congress in the year 1879 by S. Augustus Mitchell in the office of the Librarian of Congress at Washington." | ||
| 500 | |a Scanned raster image of original: 1 map : hand col. ; 37 x 50 cm. | ||
| 500 | |a Original in the David Rumsey Collection; scanned by Cartography Associates. | ||
| 651 | 0 | |a Texas |v Maps. | |
| 651 | 0 | |a New Mexico |v Maps. | |
| 651 | 0 | |a Oklahoma |v Maps. | |
| 651 | 0 | |a Galveston (Tex.) |v Maps. | |
| 700 | 1 | |a Gamble, W. H. |q (William H.) | |
| 740 | 0 | 2 | |a Galveston Bay and vicinity. |
| 710 | 2 | |a David Rumsey Collection. | |
| 710 | 2 | |a Cartography Associates. | |
| 773 | 0 | |a Mitchell, S. Augustus (Samuel Augustus), 1792-1868. |t Mitchell's new general atlas. |d Philadelphia : S. Augustus Mitchell, 1880, c1879. |g p. 64-65. |w (OCoLC)69371482 | |
| 830 | 0 | |a David Rumsey Collection digital maps |5 net | |
| 988 | |a 20090630 | ||
| 906 | |0 OCLC | ||


